Statistics for The Strokes Lyrics - The End Has No End

Click here to take the quiz!

General Stats

  • This quiz has been taken 17 times
  • The average score is 207 of 217

Answer Stats

Lyrics% Correct
a
100%
do
100%
easy
100%
easy,
100%
end,
100%
end
100%
has
100%
he
100%
He
100%
I
100%
It
100%
it
100%
no
100%
Oh
100%
oh
100%
Oh,
100%
take
100%
that
100%
the
100%
The
100%
three
100%
-three,
100%
Two
100%
walk
100%
want
100%
what's
100%
won
100%
you
100%
baby,
92%
but
92%
by
92%
can
92%
"Can't
92%
can't
92%
come
92%
down
92%
dumb
92%
government
92%
it's
92%
It's
92%
keeping
92%
Keeping
92%
lot
92%
not
92%
of
92%
One
92%
one,
92%
"One
92%
other
92%
outside?"
92%
relaxed
92%
Said
92%
secrets
92%
sound?
92%
sound?"
92%
that's
92%
then
92%
things,
92%
underground,
92%
wants
92%
"Won't
92%
won't
92%
alright
83%
around —
83%
back,
83%
back
83%
find
83%
forward
83%
guy?"
83%
here
83%
-nine,
83%
-nine
83%
-six
83%
some
83%
steps
83%
they
83%
ticking
83%
time
83%
way
83%
another
75%
be
75%
bombs
75%
wait,
75%

Score Distribution

Percentile by Number Answered

Percent of People with Each Score

Your Score History

You have not taken this quiz